| 000 | 00470nam a2200181Ia 4500 | ||
|---|---|---|---|
| 001 | 17763 | ||
| 005 | 20260306171541.0 | ||
| 008 | 260306s9999||||xx |||||||||||||| ||und|| | ||
| 041 | _aESP | ||
| 082 |
_a658.15244 _bP43 |
||
| 100 |
_aPerdomo Moreno, Abraham _eAUT |
||
| 245 | 0 |
_aAdministración financiera: _bde caja, bancos y valores temporales |
|
| 260 | _c2001 | ||
| 300 |
_a304 páginas : _c22 cm. |
||
| 650 | _aGEN | ||
| 654 | _aCAN | ||
| 942 |
_cLIB _dJUS _fJUS _2ddc _n |
||
| 999 |
_c17763 _d17763 |
||